Computer learning and appropriate testing : a first step in validity assessment (Record no. 64580)

MARC details
000 -CABECERA
campo de control de longitud fija 00739nam a2200241 a 4500
005 - FECHA Y HORA DE LA ÚLTIMA TRANSACCIÓN
campo de control 20210219152942.0
008 - ELEMENTOS DE LONGITUD FIJA--INFORMACIÓN GENERAL
campo de control de longitud fija 991125n 000 0 u
035 ## - NÚMERO DE CONTROL DEL SISTEMA
Número de control de sistema UPN01000068458
100 ## - ASIENTO PRINCIPAL--NOMBRE PERSONAL
Nombre de persona Baird, William E.
222 #0 - TÍTULO CLAVE
Título clave JOURNAL OF RESEARCH ON COMPUTING IN EDUCATION
245 #0 - MENCIÓN DE TÍTULO
Título Computer learning and appropriate testing : a first step in validity assessment
300 ## - DESCRIPCIÓN FÍSICA
Extensión 18-27
362 ## - FECHAS DE PUBLICACIÓN Y/O DESIGNACIÓN SECUENCIAL
Fecha de publicación y/o designación secuencial 25, No. 1, 1992
505 ## - NOTA DE CONTENIDO CON FORMATO PREESTABLECIDO
Nota de contenido con formato Abril 1993
653 0# - TERMINO DE INDIZACION - NO CONTROLADO
Término no controlado COMPARACION ASISTIDA POR ORDENADOR
653 0# - TERMINO DE INDIZACION - NO CONTROLADO
Término no controlado DIFERENCIAS INTERMADIAS
653 0# - TERMINO DE INDIZACION - NO CONTROLADO
Término no controlado DISEÑO ASISTIDO POR ORDENADOR
653 0# - TERMINO DE INDIZACION - NO CONTROLADO
Término no controlado FORMATO DE PRUEBAS
653 0# - TERMINO DE INDIZACION - NO CONTROLADO
Término no controlado PRUEBAS DE VALIDACION
700 ## - ASIENTO SECUNDARIO--NOMBRE DE PERSONAL
Nombre de persona Silvern, Steven B.
904 ## - ELEMENTOS DE DATOS D LOCAL, LDD (RLIN)
a AC
b 006269
905 ## - TIPO DE MATERIAL
Tipo de material Articulo

No items available.